Responses for Show #7658 - Wednesday, December 20, 2017

Contestants

[<< previous game]

Justin Bourassa, a high school English teacher and coach from Medford, Massachusetts

Remy Timbrook, a children’s librarian from Oakland, California

Kate O'Connor, an insurance salesperson from Florence, New Jersey (whose 2-day cash winnings total $40,200)

[next game >>]

Jeopardy! Round responses

'TIS THE SEASON
JOY TO THE WORLD
JINGLE SELLS
SILVER & GOLD
SANTA CLAUS IS COMIN' TO TOWN
WE WISH YOU "A" MERRY CHRISTMAS!
    $200 1
Thomas Edison

Kate
    $200 16
the Big Mac

Kate
    $200 25
(Alex: We have less than a minute to deal with the last category.)

the USSR

Triple Stumper
    $200 10
Las Vegas

Kate
    $200 4
away

Justin
    $400 29
[The end-of-round signal sounds.]

Palm Springs

Justin
    $400 2
the Bill of Rights

Kate
    $400 17
Farmers

Kate
    $400 24
(Alex: Broke a tooth.)

biting it

Remy
    $400 11
Jacksonville

Justin
    $400 5
adore

Kate
    $600 27
Donna Summer

Kate
    $600 3
a sextant

Justin
    $600 18
Folgers

Kate
    $600 21
Athens

Justin
    $600 12
Deadwood

Justin
    $600 7
apparel

Remy
    $800 26
a springbok

Triple Stumper
    $800 6
an antihistamine

Justin
    $800 19
Kay

Justin
    $2,000 23
jade

Justin
    $800 13
North Carolina

Kate
    $800 8
ave

Justin
    $1000 28
fall by the wayside

Triple Stumper
    $1000 15
(General George) Marshall

Justin
    $1000 20
Alka-Seltzer

Justin
    $1000 22
(Remy: What's a laurel branch?)

an olive branch

RemyJustin
    $1000 14
Mississippi

Kate
    $1000 9
astray

Remy

Scores at the first commercial break (after clue 15):

Kate Remy Justin
$3,000 $1,600 $4,400

Scores at the end of the Jeopardy! Round:

Kate Remy Justin
$4,800 $1,000 $10,200

Double Jeopardy! Round responses

BYE, PHOENICIA!
AUTHORS' BIOGRAPHIES
MIND YOUR GRAMMAR
FICTIONAL CHARACTERS' MOST-HATED MOVIES
"S"CIENCE
(Alex: Each correct response beginning with an "S".)
NONSENSE & STUFF
    $400 20
the Roman Empire

Kate
    $400 30
India

Remy
    $400 1
(Kate: What is neutral?)

neuter

KateRemy
    $400 6
Ratatouille

Remy
    $400 10
a stegosaurus

Remy
    $400 13
hooey

Triple Stumper
    $800 21
Islam

Remy
    $800 24
Dickens

Justin
    $800 2
a modifier

Justin
    $800 7
Arachnophobia

Justin
    $800 11
subsonic

Justin
    $800 14
bunk

Justin
    $1200 22
Syria

Triple Stumper
    $1200 26
Louisa May Alcott

Remy
    $1200 3
a quantifier

Remy
    $1200 8
(Alex: Oh, and it was probably the funniest clue. [*]. All in the desert. He would've been melting.)

Lawrence of Arabia

Triple Stumper
    $1200 12
(Justin: What is subatomic?)

strange

Justin
Triple Stumper
    $1200 15
tripe

Kate
    $1600 23
Byblos

Triple Stumper
    $2,000 25
(Justin: Who is... Mann?)

Dr. Seuss

Justin
    $2,600 4
a conjunction

Remy
    $1600 9
The Curious Case of Benjamin Button

Kate
    $1600 16
serum

Kate
    $1600 18
(Justin: What is refuse?)

rubbish

KateJustin
    $2000 29
(Remy: What is the Ottoman Empire?)

the Persian Empire

Remy
Triple Stumper
    $2000 27
Shirley Jackson

Triple Stumper
    $2000 5
collective

Justin
    $2000 28
Waterworld

Remy
    $2000 17
a spectrum

Remy
    $2000 19
prattle

Triple Stumper

Scores at the end of the Double Jeopardy! Round:

Kate Remy Justin
$10,800 $10,400 $11,400

[wagering suggestions for these scores]

Final Jeopardy! Round responses

EUROPEAN COUNTRIES
(Alex: [To Kate] Wilhelmina to Juliana to Beatrix to Willem-Alexander.)
RemyWhat is Spain?
$1,100
KateWhat is The Netherlands?
$10,800
JustinWhat is Portugal?
$10,201
the Netherlands

Final scores:

Kate Remy Justin
$21,600 $9,300 $1,199
3-day champion: $61,800 2nd place: $2,000 3rd place: $1,000

Game dynamics:

Coryat scores:

Kate Remy Justin
$10,800 $9,400 $12,200
15 R,
1 W
13 R
(including 1 DD),
2 W
19 R
(including 1 DD),
3 W
(including 1 DD)

Combined Coryat: $32,400

[game clues] [game scores] [suggest correction]

Game tape date: 2017-09-05
The J! Archive is created by fans, for fans. Scraping, republication, monetization, and malicious use prohibited; this site may use cookies and collect identifying information. See terms. The Jeopardy! game show and all elements thereof, including but not limited to copyright and trademark thereto, are the property of Jeopardy Productions, Inc. and are protected under law. This website is not affiliated with, sponsored by, or operated by Jeopardy Productions, Inc. Join the discussion at JBoard.tv.